| 000 | 00576nam a22001457a 4500 | ||
|---|---|---|---|
| 020 | _a0-7497-1276-7 | ||
| 082 |
_a823 _bBLY/R |
||
| 100 | _aENID BLYTON | ||
| 245 | _aTHE RED STORY BOOK | ||
| 260 |
_aGREAT BRITAIN _bMETHUEN & CO _c1946 |
||
| 300 | _a144 | ||
| 520 | _aWHEN GUZZLE THE GREEDY BROWNIE EATS UP ALL WITCH GRUMBLE'S CAKES SHE PUTS A SPELL ON HIM TO TURN HIM INTO A PIG! MEANWHILE, DICKIE GOES FLYING WITH THE WEST WIND, AND ANNIE HAS A TEA-PARTY WITH THE PIXIES! A CHARMING COLLECTION OF SHORT STORIES. | ||
| 650 |
_aCHILDREN'S STORY BOOK _zUNITED KINGDOM |
||
| 942 | _cBK | ||
| 999 |
_c205 _d205 |
||